000 00407nam a2200121Ia 4500
008 220615s9999||||xx |||||||||||||| ||und||
245 0 _aChallenges in Parkinson's Disease
546 _aEnglish[eng]
650 _aNeurology & clinical neurophysiology
700 _aDorszewska, Jolanta||Kozubski, Wojciech
856 _uhttps://mts.intechopen.com/storage/books/5277/authors_book/authors_book.pdf
942 _cEB
999 _c16109
_d16109